| 000 | 01021nam a2200313 i 4500 | ||
|---|---|---|---|
| 001 | bg | ||
| 100 | 1 | _aWAŹBIŃSKA, Jadwiga. | |
| 245 | 1 | 0 |
_aĆwiczenia z roślin ozdobnych. _nCz. 2, _pByliny / _cJadwiga Waźbińska. |
| 250 | _aWyd. 2. | ||
| 260 |
_aOlsztyn : _bWydawnictwo Uniwersytetu Warmińsko-Mazurskiego, _c2006. |
||
| 300 |
_a199, [1] s. ; _c30 cm. |
||
| 500 | _aIndeksy nazw łac. | ||
| 504 | _aBibliogr. s. 189. Indeksy. | ||
| 521 | _aSkrypt dla studentów kierunków: ogrodnictwo, architektura krajobrazu i rolnictwo. | ||
| 650 | 9 | _aByliny (bot.) | |
| 650 | 9 | _aRośliny ozdobne | |
| 655 | _aPodręczniki akademickie | ||
| 015 | _aPB 13859/2006 | ||
| 020 | _a8372994528 | ||
| 020 | _a9788372994523 | ||
| 040 | _cBPK | ||
| 041 | _apol | ||
| 080 | _a635.9(075.8) | ||
| 920 | _a83-7299-452-8 | ||
| 920 | _a978-83-7299-452-3 | ||
| 942 | _cKS | ||
| 008 | s pl f |000 0 pol | ||
| 999 |
_c52518 _d52518 |
||
| 856 |
_uhttp://koha.tu.koszalin.pl/cgi-bin/koha/opac-detail.pl?biblionumber=52518 _yKatalog online BPK |
||